Jsme hmyz / (Záznam č. 34214)

Podrobnosti MARC
000 -Návěští
Řídící pole kódované 24B 02114nam a2200481 i 4500
001 - Kontrolní číslo
Řídící pole proměnné 1323697
003 - Identifikátor kontrolního čísla
Řídící pole proměnné CZ PrSKC
005 - Datum posledního zpracování
Řídící pole 16B 20260422105812.0
007 - Pole pevné délky pro fyzický popis
Řídící pole kódované ta
008 - Údaje pevné délky
Řídící pole kódované 40B 251111s2025 xo a g f 001 0 cze d
020 ## - ISBN
ISBN 978-80-973897-9-6
-- (vázáno)
040 ## - Zdroj katalogizace-agentura
Agentura původní katalogizace LIA001
Jazyk katalogizace cze
Použitá pravidla popisu rda
041 1# - Kód jazyka
Kód jazyka textu/zvuku, mezititulků cze
Kód jazyka originálu slo
072 #7 - Kód předmětové kategorie - Konspekt
Předmětová kategorie 59
Zpřesnění předmětové kategorie Zoologie
Zdroj předmětové klasifikace Konspekt
-- 2
080 ## - MDT
Klasifikační znak MDT 595.2/.7
Idetifikátor vydání MDT MRF-sel
044 ## - Kód země vydání/výroby
Kód geografické oblasti/země xr
100 1# - Hlavní záhlaví - osobní jméno autora
Osobní jméno Sojková, Inka
-- xx0338231
Kód role aut
9 (RLIN) 20709
240 10 - Unifikovaný název
Unifikovaný název <a href="Sme hmyz.">Sme hmyz.</a>
Jazyk díla Česky
245 10 - Údaje o názvu
Název Jsme hmyz /
Údaj o odpovědností, atd. napsala a ilustrovala Inka Sojková ; překlad: David Sommer
264 #1 - Nakladatelské údaje
Místo vydání [Šenkvice] :
Nakladatel Sojkovie,
Rok vydání 2025
300 ## - Fyzický popis
Rozsah 286 stran :
další fyzické údaje barevné ilustrace ;
Rozměry 19 cm
336 ## -
-- text
-- txt
-- rdacontent
336 ## -
-- statický obraz
-- sti
-- rdacontent
337 ## -
-- bez média
-- n
-- rdamedia
338 ## -
-- svazek
-- nc
-- rdacarrier
500 ## - Všeobecná poznámka
Text obecné poznámky Přeloženo ze slovenštiny
500 ## - Všeobecná poznámka
Text obecné poznámky Název originálu v knize neuveden
500 ## - Všeobecná poznámka
Text obecné poznámky Obálkový podnázev: ...a chceme vám ukázat náš svět
500 ## - Všeobecná poznámka
Text obecné poznámky Kniha vznikla ve spolupráci s Českou společností entomologickou
504 ## - Poznámka o bibliografii
Text poznámky o bibliografii,atd Obsahuje bibliografické odkazy a rejstříky
520 2# - Anotace
Anotace, atd. Atlas dává hmyzu hlas každý druh vypráví svůj příběh v první osobě. V úvodu poznáte svět hmyzu, jeho historii, proměny, komunikaci i vztah k lidem. Druhá část představuje 122 druhů žijících v Česku, doplněných piktogramy pro snadnou orientaci. V dodatku Nejsme hmyz najdete 15 tvorů, které lidé mylně považují za hmyz. Kniha, která otevírá dveře do fascinujícího světa malých tvorů
650 07 - Vedlejší věcné záhlaví - věcné téma
Věcné téma hmyz
-- ph114681
Zdroj záhlaví nebo termínu czenas
9 (RLIN) 9598
655 #7 - Rejstříkový termín - žánr/forma
Žánr/forma či základní termín populárně-naučné publikace
-- fd131864
-- czenas
-- 223
655 #7 - Rejstříkový termín - žánr/forma
Žánr/forma či základní termín atlasy
-- fd131835
-- czenas
-- 1901
655 #7 - Rejstříkový termín - žánr/forma
Žánr/forma či základní termín publikace pro děti
-- fd133156
-- czenas
700 1# - Vedlejší záhlaví - osobní jméno autora
Osobní jméno Sommer, David,
Datumy související se jménem 1994-
-- mzk20211115435
Kód role trl
9 (RLIN) 20710
710 2# - Vedlejší záhlaví - jméno korporativního autora
Jméno korporace nebo jurisdikce Česká společnost entomologická
-- xx0018810
Kód role oth
9 (RLIN) 20711
900 ## -
-- LIA001
-- 18
998 ## - Místní kontrolní číslo (RLIN)
-- 010657667
910 ## - Údaje o vlastníkovi jednotky (exempláře)
Sigla vlastníka jednotky ABG508
993 ## - pracovní čísla
-- 381.00
-- 550.00
-- Team Business
-- 2026-04-22
-- 1076115

Žádné dostupné jednotky.

Používáme knihovní systém Koha